Bibliotheca Hispana Vetus

Guardat en:
Dades bibliogràfiques
Autor principal: Antonio, Nicolás (Autor)
Format: Llibre
Idioma:llatí
grec
espanyol
Publicat: Madrid Joaquín Ibarra, Impresor 1788
Edició:1a. ed
Matèries:
Etiquetes: Afegir etiqueta
Sense etiquetes, Sigues el primer a etiquetar aquest registre!

MARC

LEADER 00000nam a2200000 a 4500
001 UCJ8015
003 CL-VaPUC
008 070124e17880000SP |||||||||||||||||lat|d
041 0 7 |a lat  |2 CL-VaPUC 
041 0 7 |a gre  |2 CL-VaPUC 
041 0 7 |a spa  |2 CL-VaPUC 
082 0 4 |a 013  |b ANT  |2 21 
100 0 |a Antonio, Nicolás  |e author  |9 516606 
245 1 0 |a Bibliotheca Hispana Vetus 
250 |a 1a. ed 
300 |a 2 v 
942 |c BK 
945 |d 20070124 00:00:00  |a rinostro 
260 |a Madrid  |b Joaquín Ibarra, Impresor  |c 1788 
500 |a Folio, pasta española.- Anteport.: Bibliotheca Hispana Vetus. Tomus Secundus.- v. bl.- Port.- v. bl.- Index Auctorum, xxii.- Apostillado 
500 |a t.1: complectens milliarium saeculum 
500 |a t.2: ab anno M. ad MD 
600 0 7 |a CARLOS III, REY DE ESPAÑA  |2 CL-VaPUC  |9 316485 
650 7 |a BIBLIOGRAFIA ESPAÑOLA  |2 CL-VaPUC  |9 516607 
650 0 |a Biografías  |9 255210 
650 0 |a Grabados  |9 310822 
650 7 |a LIBROS RAROS  |2 CL-VaPUC  |9 321878 
650 0 |a Iconografía   |9 267998 
583 |a last modification  |c 20070124 00:00:00  |k Rodrigo Vera 
999 |c 323875  |d 323873 
952 |0 0  |1 0  |4 0  |6 013_000000000000000_ANT_1788  |7 0  |8 X  |9 403708  |a FDOBUD  |b FDOBUD  |d 2019-11-22  |h v.1  |i 1071491  |o 013 ANT 1788  |p 1071491  |r 2019-11-22  |w 2019-11-22  |y BK_X  |k BUD 
952 |0 0  |1 0  |4 0  |6 013_000000000000000_ANT_1788  |7 0  |8 X  |9 403709  |a FDOBUD  |b FDOBUD  |d 2019-11-22  |h v.2  |i 1071505  |o 013 ANT 1788  |p 1071505  |r 2019-11-22  |w 2019-11-22  |y BK_X  |k BUD